[Event "Samedi 2014.04.05"]
[Site "Ste-Foy CAN"]
[Date "2014.04.12"]
[Round "2"]
[White "Poliquin, Yvon"]
[Black "Sauve, Richard"]
[Result "1-0"]
[WhiteElo "2049"]
[BlackElo "1897"]
[PlyCount "29"]
[EventDate "2014.04.05"]
[EventType "tourn"]
[EventRounds "5"]
[EventCountry "CAN"]

1. e4 e6 2. d4 d5 3. e5 c5 4. Qg4 cxd4 5. Nf3 Nc6 6. Bd3 Nb4 7. O-O Nxd3 8.
cxd3 Ne7 9. Nbd2 Nc6 10. a3 b6 11. Nb3 Ba6 12. Rd1 Rc8 13. Nbxd4 Nxd4 14. Qxd4
h5 15. Qa4+ 1-0

[Event "Samedi 2014.04.05"]
[Site "Ste-Foy CAN"]
[Date "2014.05.03"]
[Round "4"]
[White "Doyon, Stephane"]
[Black "Bahadi, Khalid"]
[Result "1-0"]
[WhiteElo "1741"]
[BlackElo "2079"]
[PlyCount "79"]
[EventDate "2014.04.05"]
[EventType "tourn"]
[EventRounds "5"]
[EventCountry "CAN"]

1. e4 e5 2. Nf3 Nc6 3. d4 exd4 4. Nxd4 Qf6 5. Be3 Bc5 6. c3 Nge7 7. Bc4 O-O 8.
O-O Ne5 9. Be2 d6 10. f3 Qg6 11. Nd2 h5 12. Kh1 Bb6 13. f4 Ng4 14. Bg1 f5 15.
Qe1 Bd7 16. Bd3 Rae8 17. Qg3 c5 18. N4f3 fxe4 19. Bxe4 Nf5 20. Bxf5 Qxf5 21. h3
Ne3 22. Rfe1 c4 23. Nd4 Bxd4 24. cxd4 Nxg2 25. Kxg2 Bc6+ 26. Nf3 Qc2+ 27. Bf2
Qxb2 28. Rxe8 Rxe8 29. Rg1 Re2 30. Kf1 Rxf2+ 31. Qxf2 Qc1+ 32. Ne1 c3 33. Qg3
Bb5+ 34. Kg2 c2 35. Qb3+ Kh8 36. Qxb5 Qd2+ 37. Kh1 Qe3 38. Qxh5+ Kg8 39. Nxc2
Qe4+ 40. Rg2 1-0

[Event "Samedi 2014.04.05"]
[Site "Ste-Foy CAN"]
[Date "2014.05.03"]
[Round "4"]
[White "Laflamme, Simon"]
[Black "Sarra-Bournet, Marc"]
[Result "0-1"]
[WhiteElo "1958"]
[BlackElo "1955"]
[PlyCount "70"]
[EventDate "2014.04.05"]
[EventType "tourn"]
[EventRounds "5"]
[EventCountry "CAN"]

1. Nf3 d5 2. c4 dxc4 3. e3 b5 4. a4 c6 5. axb5 cxb5 6. b3 a5 7. bxc4 b4 8. d4
Nf6 9. Be2 e6 10. Bb2 Be7 11. g4 O-O 12. g5 Ne4 13. h4 Bb7 14. Rg1 Qc7 15. Ne5
f6 16. Ng4 fxg5 17. d5 exd5 18. Qd4 Bc5 19. Qe5 Qxe5 20. Nxe5 Rxf2 21. Ng4 Rf5
22. Nd2 Nd7 23. Nxe4 dxe4 24. Rd1 Bc6 25. hxg5 Rxg5 26. Rf1 a4 27. Bd4 b3 28.
Bxc5 Nxc5 29. Kf2 a3 30. Kg3 b2 31. Kh4 h6 32. Rd6 Rc8 33. Rxh6 Rxg4+ 34. Bxg4
gxh6 35. Bxc8 a2 0-1

[Event "Samedi 2014.04.05"]
[Site "Ste-Foy CAN"]
[Date "2014.05.03"]
[Round "4"]
[White "Poliquin, Yvon"]
[Black "Dube, Daniel"]
[Result "0-1"]
[WhiteElo "2049"]
[BlackElo "1846"]
[PlyCount "54"]
[EventDate "2014.04.05"]
[EventType "tourn"]
[EventRounds "5"]
[EventCountry "CAN"]

1. e4 e5 2. Nc3 Nf6 3. f4 d5 4. fxe5 Nxe4 5. Nf3 Bg4 6. Be2 Bxf3 7. Bxf3 Nc6 8.
d4 Bb4 9. Qd3 O-O 10. O-O Nxd4 11. Nxe4 Nxf3+ 12. gxf3 dxe4 13. Qxe4 Bc5+ 14.
Be3 Qe7 15. Kh1 Bxe3 16. Qxe3 Kh8 17. Rg1 Rae8 18. Rae1 Rd8 19. Qc3 Qe6 20. Rg2
Rd7 21. Rd2 Rfd8 22. Rxd7 Rxd7 23. Qb4 h6 24. Qxb7 Rd2 25. Qa8+ Kh7 26. Qe4+ g6
27. Re2 Qh3 0-1

[Event "Samedi 2014.04.05"]
[Site "Ste-Foy CAN"]
[Date "2014.05.03"]
[Round "4"]
[White "Skakni, Ismael"]
[Black "Sauve, Richard"]
[Result "1/2-1/2"]
[WhiteElo "1650"]
[BlackElo "1897"]
[PlyCount "73"]
[EventDate "2014.04.05"]
[EventType "tourn"]
[EventRounds "5"]
[EventCountry "CAN"]

1. d4 e6 2. g3 d5 3. Bg2 Nf6 4. Nf3 c5 5. O-O Nc6 6. c4 Be7 7. b3 O-O 8. Bb2
Bd7 9. Nbd2 Rc8 10. Rc1 cxd4 11. Nxd4 Qa5 12. Rc2 Nxd4 13. Bxd4 Bc6 14. Qa1 a6
15. Rfc1 Rcd8 16. c5 Qc7 17. Qc3 Qd7 18. Nf3 Rc8 19. Ne5 Qd8 20. b4 Ne8 21. Bh3
Nf6 22. Bg2 Ba4 23. Rb2 Bb5 24. Bf3 Bc6 25. Bg2 Bb5 26. Bf3 Ne8 27. Bg4 f5 28.
Bf3 Nf6 29. Nd3 Bxd3 30. exd3 Qd7 31. Re2 Bd8 32. Rce1 Re8 33. Be5 Qf7 34. Bd6
Bc7 35. Qe5 Bxd6 36. Qxd6 Rc6 37. Qf4 1/2-1/2

[Event "Samedi 2014.04.05"]
[Site "Ste-Foy CAN"]
[Date "2014.05.10"]
[Round "5"]
[White "Cournoyer, Dominic"]
[Black "Dorion, Francois"]
[Result "1/2-1/2"]
[WhiteElo "2005"]
[BlackElo "1685"]
[PlyCount "61"]
[EventDate "2014.04.05"]
[EventType "tourn"]
[EventRounds "5"]
[EventCountry "CAN"]

1. c4 e6 2. Nc3 b6 3. Nf3 Bb7 4. g3 Nf6 5. Bg2 d5 6. cxd5 exd5 7. d4 Nbd7 8.
Bf4 Bb4 9. O-O Bxc3 10. bxc3 O-O 11. Qc2 Ba6 12. Rfe1 Re8 13. Rad1 Ne4 14. Nd2
Ndf6 15. Be5 Rc8 16. Qa4 Bxe2 17. Rc1 Nxd2 18. Rxe2 Nc4 19. Bxf6 gxf6 20. Rxe8+
Qxe8 21. Qxe8+ Rxe8 22. Bxd5 Nd6 23. Kf1 c5 24. Bc6 Re7 25. d5 Kg7 26. f3 f5
27. Re1 Rxe1+ 28. Kxe1 Kf6 29. Ke2 Ke5 30. Kd3 f4 31. g4 1/2-1/2

[Event "Samedi 2014.04.05"]
[Site "Ste-Foy CAN"]
[Date "2014.05.10"]
[Round "5"]
[White "Dube, Daniel"]
[Black "Laflamme, Simon"]
[Result "1/2-1/2"]
[WhiteElo "1833"]
[BlackElo "1958"]
[PlyCount "134"]
[EventDate "2014.04.05"]
[EventType "tourn"]
[EventRounds "5"]
[EventCountry "CAN"]

1. c4 c5 2. Nc3 g6 3. g3 Bg7 4. Bg2 Nc6 5. Nf3 e5 6. d3 Nge7 7. Nd5 Nxd5 8.
cxd5 Ne7 9. O-O d6 10. Qb3 O-O 11. e4 h6 12. Be3 f5 13. Bxc5 fxe4 14. dxe4 dxc5
15. d6+ Kh7 16. dxe7 Qxe7 17. Ne1 Be6 18. Qc3 Rad8 19. Nc2 Qf7 20. Ne3 b6 21.
Nd5 Bxd5 22. exd5 e4 23. Qc2 Qxd5 24. Bxe4 Qd2 25. Bxg6+ Kh8 26. Qe4 Bd4 27.
Rad1 Qg5 28. Kg2 Rf6 29. Be8 Qg8 30. Bb5 Bxb2 31. Rxd8 Qxd8 32. Bd3 Qd7 33. f3
Rd6 34. Bb1 b5 35. Re1 c4 36. Qf4 Rd2+ 37. Kh1 Kg7 38. Qe4 Kf8 39. Qh4 Bg7 40.
Bh7 Rd4 41. Be4 Rd1 42. Qf4+ Kg8 43. Qb8+ Kf7 44. Qf4+ Kg8 45. Rxd1 Qxd1+ 46.
Kg2 Qd8 47. Qf5 c3 48. Qxb5 Qd2+ 49. Kh3 Qd8 50. g4 Qc8 51. Bc6 Kh8 52. Qc4 Qd8
53. Bd5 Qd7 54. Be6 Qb7 55. Qd3 Qe7 56. Bb3 Qf6 57. Bc2 Kg8 58. Qd5+ Kh8 59.
Qf5 Qxf5 60. Bxf5 Be5 61. Kg2 Kg7 62. Kg1 Kf6 63. Bc2 Kg5 64. Kf2 Bxh2 65. Ke3
Bf4+ 66. Ke4 Bd2 67. Bb3 Bc1 1/2-1/2

[Event "Samedi 2014.04.05"]
[Site "Ste-Foy CAN"]
[Date "2014.05.10"]
[Round "5"]
[White "Poliquin, Yvon"]
[Black "Doyon, Stephane"]
[Result "1-0"]
[WhiteElo "2049"]
[BlackElo "1741"]
[PlyCount "69"]
[EventDate "2014.04.05"]
[EventType "tourn"]
[EventRounds "5"]
[EventCountry "CAN"]

1. Nf3 d5 2. d4 Nf6 3. e3 Bf5 4. Nbd2 e6 5. Be2 h6 6. c4 c6 7. c5 Nbd7 8. b4
Be7 9. O-O O-O 10. Bb2 Qc7 11. a4 Ne4 12. Nxe4 dxe4 13. Nd2 Nf6 14. Nc4 Rfd8
15. Qb3 Nd5 16. Rac1 e5 17. Nxe5 Be6 18. Qa3 f6 19. Ng6 Bf7 20. Nxe7+ Nxe7 21.
b5 Nd5 22. Bc4 b6 23. Qb3 bxc5 24. dxc5 cxb5 25. axb5 Qxc5 26. Bd4 Qe7 27. Rb1
Rac8 28. Bxd5 Rxd5 29. Qa4 Rc7 30. Rfc1 Rdd7 31. Rxc7 Rxc7 32. Ra1 Bc4 33. Bxa7
Bxb5 34. Qxb5 Rxa7 35. Qb8+ 1-0

[Event "Samedi 2014.04.05"]
[Site "Ste-Foy CAN"]
[Date "2014.05.10"]
[Round "5"]
[White "Sarra-Bournet, Marc"]
[Black "Lessard, Claude"]
[Result "0-1"]
[WhiteElo "1955"]
[BlackElo "2071"]
[PlyCount "90"]
[EventDate "2014.04.05"]
[EventType "tourn"]
[EventRounds "5"]
[EventCountry "CAN"]

1. e4 c6 2. d4 d5 3. Nc3 dxe4 4. Nxe4 Nf6 5. Ng3 g6 6. Nf3 Bg7 7. Bc4 O-O 8.
O-O a5 9. a4 Na6 10. c3 c5 11. Be3 Nd5 12. Qb3 cxd4 13. Bxd4 Bxd4 14. Bxd5 Bg7
15. Rad1 Qc7 16. Rfe1 e6 17. Bc4 Nc5 18. Qa2 b6 19. Ne4 Nxe4 20. Rxe4 Bb7 21.
Re3 Rad8 22. Rde1 Bh6 23. Rd3 Rxd3 24. Bxd3 Bxf3 25. gxf3 Qf4 26. Kg2 Qg5+ 27.
Kh1 Qh5 28. Kg2 Rd8 29. Qb1 Bf4 30. Rh1 Qd5 31. Be2 Qg5+ 32. Kf1 Rd2 33. h4 Qe5
34. Bb5 Qd5 35. Kg2 Qc5 36. Rf1 Be3 37. b4 Qxc3 38. bxa5 bxa5 39. Qe4 h5 40.
Kg3 Bb6 41. Qa8+ Kg7 42. Qb7 Bc7+ 43. Kg2 Qe5 44. Rh1 Qg3+ 45. Kf1 Qxf2# 0-1

[Event "Samedi 2014.05.17"]
[Site "Ste-Foy CAN"]
[Date "2014.05.31"]
[Round "3"]
[White "Chouinard, Etienne"]
[Black "Noel, Maxime"]
[Result "1-0"]
[WhiteElo "1796"]
[BlackElo "1274"]
[PlyCount "49"]
[EventDate "2014.05.17"]
[EventType "tourn"]
[EventRounds "5"]
[EventCountry "CAN"]

1. e4 c6 2. d4 d5 3. e5 c5 4. c3 e6 5. Nf3 Nc6 6. Bb5 Qb6 7. Bxc6+ Qxc6 8. O-O
Ne7 9. Nbd2 Nf5 10. Nb3 Be7 11. Bg5 b6 12. Re1 O-O 13. Rc1 c4 14. Nbd2 h6 15.
Bxe7 Nxe7 16. Nf1 a5 17. h4 Bd7 18. Qd2 b5 19. h5 Rfb8 20. g4 b4 21. g5 hxg5
22. Qxg5 Kf8 23. h6 Ng6 24. h7 Nh8 25. Ng3 1-0

[Event "Samedi 2014.05.17"]
[Site "Ste-Foy CAN"]
[Date "2014.06.07"]
[Round "4"]
[White "Chouinard, Etienne"]
[Black "Dube, Daniel"]
[Result "1-0"]
[WhiteElo "1796"]
[BlackElo "1877"]
[PlyCount "85"]
[EventDate "2014.05.17"]
[EventType "tourn"]
[EventRounds "5"]
[EventCountry "CAN"]

1. e4 e5 2. Nf3 Nc6 3. Nc3 Nf6 4. Nxe5 Nxe5 5. d4 Bb4 6. dxe5 Nxe4 7. Qg4 d5 8.
Qxg7 Rf8 9. Bd3 Qh4 10. O-O Be6 11. Bxe4 Bxc3 12. bxc3 Kd7 13. Bf3 Rg8 14. Qf6
Qh3 15. Kh1 Qf5 16. Qxf5 Bxf5 17. Bxd5 c6 18. Bxf7 Rg7 19. e6+ Bxe6 20. Bxe6+
Kxe6 21. Re1+ Kd7 22. Bf4 Rag8 23. Rad1+ Kc8 24. Rd3 b6 25. Rg3 Rxg3 26. hxg3
Rg7 27. Kh2 Kb7 28. Kh3 Rd7 29. g4 Ka6 30. Rb1 Rd5 31. Rb3 Ra5 32. a3 Ra4 33.
Bd6 c5 34. f3 Rc4 35. Kh4 b5 36. Kh5 Kb6 37. Kh6 Kc6 38. Bg3 a5 39. Be1 Ra4 40.
Bd2 c4 41. Bc1 cxb3 42. cxb3 b4 43. cxb4 1-0

[Event "Samedi 2014.05.17"]
[Site "Ste-Foy CAN"]
[Date "2014.06.14"]
[Round "5"]
[White "Bolduc, Jacques"]
[Black "Chouinard, Etienne"]
[Result "0-1"]
[WhiteElo "1326"]
[BlackElo "1796"]
[PlyCount "86"]
[EventDate "2014.05.17"]
[EventType "tourn"]
[EventRounds "5"]
[EventCountry "CAN"]

1. d4 d5 2. c4 e6 3. Nf3 Nf6 4. Bg5 Nbd7 5. a3 c6 6. e3 Qa5+ 7. Qd2 Qxd2+ 8.
Nbxd2 a5 9. cxd5 exd5 10. Bd3 Bd6 11. O-O O-O 12. Rac1 h6 13. Bxf6 Nxf6 14.
Rfe1 Re8 15. Nb3 a4 16. Nc5 Ne4 17. Bb1 Nxc5 18. dxc5 Bf8 19. h3 Ra5 20. Bc2
Be6 21. Nd4 Rea8 22. Re2 Rxc5 23. Rce1 Rca5 24. e4 Bd7 25. e5 Be6 26. Kh2 Bc5
27. Nf3 Re8 28. Nd2 Raa8 29. f4 Be7 30. f5 Bc8 31. g3 b5 32. f6 Bf8 33. Nf3
gxf6 34. exf6 Rxe2+ 35. Rxe2 Bd7 36. Nh4 Re8 37. Rf2 Bc5 38. Rg2 Bd4 39. Nf5
Bxf5 40. Bxf5 Rd8 41. Re2 Bxf6 42. Rc2 Rd6 43. Bc8 Bd4 0-1

[Event "Scarborough CC Falling Leaves"]
[Site "Toronto CAN"]
[Date "2014.11.06"]
[Round "1"]
[White "Ming, Wenyang"]
[Black "Li, William"]
[Result "1-0"]
[WhiteElo "2001"]
[BlackElo "1774"]
[PlyCount "75"]
[EventDate "2014.11.06"]
[EventType "swiss"]
[EventRounds "7"]
[EventCountry "CAN"]

1. e4 c5 2. Nf3 Nc6 3. d4 cxd4 4. Nxd4 Nf6 5. Nc3 e6 6. Nxc6 bxc6 7. e5 Nd5 8.
Ne4 Qc7 9. f4 Qb6 10. c4 Bb4+ 11. Ke2 Ba6 12. Kf3 Ne7 13. a3 Bc5 14. b4 O-O 15.
Nxc5 Rad8 16. Be3 Nf5 17. Bf2 d6 18. Nxe6 c5 19. Nxd8 Rxd8 20. Qc2 Bb7+ 21. Ke2
Nd4+ 22. Bxd4 cxd4 23. exd6 Qxd6 24. Qd2 d3+ 25. Kd1 Qd4 26. Rc1 g5 27. Rc3 Be4
28. fxg5 Bg6 29. h3 Be4 30. c5 Qd7 31. Kc1 Qb5 32. Bxd3 Rxd3 33. Rxd3 Bxd3 34.
Rd1 Qc4+ 35. Kb2 Bg6 36. Qd8+ Kg7 37. Qf6+ Kg8 38. Rd8# 1-0

[Event "Scarborough CC Falling Leaves U1800"]
[Site "Toronto CAN"]
[Date "2014.11.06"]
[Round "1"]
[White "Armstrong, Robert J"]
[Black "Graham, John"]
[Result "1-0"]
[WhiteElo "1621"]
[BlackElo "1430"]
[PlyCount "83"]
[EventDate "2014.11.06"]
[EventType "swiss"]
[EventRounds "7"]
[EventCountry "CAN"]

1. g3 Nc6 2. Bg2 Nf6 3. c4 e6 4. e3 Be7 5. Qb3 O-O 6. Nc3 a5 7. a3 Ra6 8. Na4
d5 9. d4 Ne4 10. Ne2 dxc4 11. Qxc4 Nd6 12. Qc2 Bd7 13. Bd2 f5 14. O-O Ne4 15.
Bxe4 fxe4 16. Qxe4 Bd6 17. Nf4 Qf6 18. Bc3 e5 19. dxe5 Bxe5 20. Qd5+ Rf7 21.
Nc5 Bc8 22. Nxa6 Bxc3 23. bxc3 g5 24. Ng2 Ne5 25. Rad1 Nf3+ 26. Kh1 Qh6 27. h4
gxh4 28. Nxh4 Nxh4 29. Qd8+ Kg7 30. Qxh4 Qxh4+ 31. gxh4 bxa6 32. f4 Rf5 33. Kg2
Bb7+ 34. Kg3 Rf6 35. f5 h5 36. Kf4 Rf7 37. Rg1+ Kh7 38. Rg5 Kh6 39. Rg6+ Kh7
40. Rdg1 Bc8 41. e4 Bd7 42. R1g5 1-0

[Event "Scarborough CC Falling Leaves U1800"]
[Site "Toronto CAN"]
[Date "2014.11.13"]
[Round "2"]
[White "Bellomo, Joe"]
[Black "Armstrong, Robert J"]
[Result "1/2-1/2"]
[WhiteElo "1554"]
[BlackElo "1621"]
[PlyCount "44"]
[EventDate "2014.11.06"]
[EventType "swiss"]
[EventRounds "7"]
[EventCountry "CAN"]

1. e4 g6 2. d4 Bg7 3. Nc3 d6 4. f4 Nf6 5. Nf3 O-O 6. Bd3 Nc6 7. a3 e5 8. d5 Ne7
9. fxe5 dxe5 10. Nxe5 Nxe4 11. Bxe4 Bxe5 12. O-O Nf5 13. Bxf5 Bxf5 14. Bf4 Re8
15. Bxe5 Rxe5 16. Rf2 Qe7 17. Qd2 Re8 18. Raf1 Qc5 19. b4 Qb6 20. Na4 Qb5 21.
Nc3 Qb6 22. Na4 Qb5 1/2-1/2

[Event "Scarborough CC Falling Leaves U1800"]
[Site "Toronto CAN"]
[Date "2014.11.13"]
[Round "2"]
[White "Ming, Yanning"]
[Black "Pishdad, Hassan"]
[Result "1-0"]
[WhiteElo "1375"]
[BlackElo "1328"]
[PlyCount "65"]
[EventDate "2014.11.06"]
[EventType "swiss"]
[EventRounds "7"]
[EventCountry "CAN"]

1. e4 c5 2. Nf3 e6 3. d4 d5 4. exd5 exd5 5. Bb5+ Nc6 6. O-O c4 7. Re1+ Be7 8.
Qe2 Bd7 9. Nc3 a6 10. Bxc6 bxc6 11. b3 Be6 12. Ne5 Qc7 13. bxc4 dxc4 14. Nxc4
Nf6 15. Qe5 Qxe5 16. dxe5 Nd5 17. Nxd5 cxd5 18. Nd6+ Bxd6 19. exd6 O-O 20. Rb1
Rab8 21. Bf4 Rxb1 22. Rxb1 f6 23. Rb7 Re8 24. h3 Rd8 25. Kf1 Bd7 26. Ke2 Kf7
27. g4 g5 28. Bg3 Kg6 29. Ke3 h6 30. Kd4 Bc6 31. Rc7 Rd7 32. Rxc6 Rd8 33. Kxd5
1-0

[Event "Scarborough CC Falling Leaves U1800"]
[Site "Toronto CAN"]
[Date "2014.11.20"]
[Round "3"]
[White "Armstrong, Robert J"]
[Black "Paterson, Jim"]
[Result "0-1"]
[WhiteElo "1621"]
[BlackElo "1726"]
[PlyCount "60"]
[EventDate "2014.11.06"]
[EventType "swiss"]
[EventRounds "7"]
[EventCountry "CAN"]

1. g3 e5 2. Bg2 Nf6 3. c4 Nc6 4. e3 Bc5 5. Qb3 O-O 6. Nc3 d6 7. Na4 Bb6 8. Nxb6
axb6 9. Ne2 Bg4 10. h3 Be6 11. d3 Qd7 12. Qc3 d5 13. a3 Rfd8 14. Qc2 dxc4 15.
d4 exd4 16. exd4 Na5 17. Be3 Bf5 18. Qd1 Nb3 19. Ra2 c5 20. O-O cxd4 21. Bg5
Bxh3 22. Bxf6 Bxg2 23. Kxg2 Qc6+ 24. f3 Qxf6 25. Nf4 Ra5 26. Rh1 Rg5 27. Rh4 d3
28. a4 Rd4 29. Qe1 g6 30. Qe8+ Kg7 0-1

[Event "Scarborough CC Falling Leaves U1800"]
[Site "Toronto CAN"]
[Date "2014.11.20"]
[Round "3"]
[White "Pishdad, Hassan"]
[Black "Graham, John"]
[Result "1-0"]
[WhiteElo "1328"]
[BlackElo "1430"]
[PlyCount "81"]
[EventDate "2014.11.06"]
[EventType "swiss"]
[EventRounds "7"]
[EventCountry "CAN"]

1. d4 d6 2. c4 Nf6 3. Nc3 g6 4. e4 Bg7 5. Nf3 O-O 6. Be2 c5 7. dxc5 dxc5 8.
Qxd8 Rxd8 9. O-O Nc6 10. Rd1 Rxd1+ 11. Bxd1 Bg4 12. Be3 Bxf3 13. Bxf3 Nd4 14.
Bxd4 cxd4 15. Nd5 Nxd5 16. cxd5 Rc8 17. Rb1 b6 18. Kf1 Rc2 19. Bd1 Rc7 20. Ke2
Be5 21. h3 f5 22. f3 fxe4 23. fxe4 g5 24. Bb3 Kg7 25. Ba4 Kf6 26. Rf1+ Kg7 27.
Kd3 Kh6 28. Bc6 Kh5 29. Rf5 Bg7 30. g3 Kg6 31. h4 gxh4 32. gxh4 h6 33. Be8+ Kh7
34. e5 Rc8 35. Bh5 Rc1 36. d6 exd6 37. exd6 Rc8 38. d7 Rd8 39. Rf7 Kg8 40. Re7
Kf8 41. Re8+ 1-0

[Event "Scarborough CC Falling Leaves U1800"]
[Site "Toronto CAN"]
[Date "2014.11.27"]
[Round "4"]
[White "Qiao, Cindy"]
[Black "Armstrong, Robert J"]
[Result "1-0"]
[WhiteElo "1462"]
[BlackElo "1621"]
[PlyCount "73"]
[EventDate "2014.11.06"]
[EventType "swiss"]
[EventRounds "7"]
[EventCountry "CAN"]

1. e4 g6 2. d4 Bg7 3. Nf3 d6 4. h3 Nf6 5. Nc3 O-O 6. Bc4 Nxe4 7. Bxf7+ Rxf7 8.
Nxe4 Nc6 9. Be3 e5 10. d5 Ne7 11. O-O Qf8 12. Nfg5 Rf5 13. g4 Rf4 14. Bxf4 exf4
15. Rb1 h6 16. Nf3 h5 17. gxh5 Bxh3 18. Re1 Qf5 19. Nh4 Qxh5 20. Qxh5 gxh5 21.
c4 Nf5 22. Nf3 Kh8 23. Nfg5 Bg4 24. f3 Bd4+ 25. Kh2 Be5 26. fxg4 hxg4 27. Nf7+
Kg7 28. Nxe5 dxe5 29. Nc5 Ne3 30. b3 Rh8+ 31. Kg1 g3 32. Rb2 f3 33. Rxe3 f2+
34. Rxf2 gxf2+ 35. Kxf2 Rh2+ 36. Ke1 Rxa2 37. Rxe5 1-0

[Event "Scarborough CC Falling Leaves U1800"]
[Site "Toronto CAN"]
[Date "2014.12.04"]
[Round "5"]
[White "Armstrong, Robert J"]
[Black "Azizi, Hamid"]
[Result "1-0"]
[WhiteElo "1621"]
[BlackElo "1396"]
[PlyCount "65"]
[EventDate "2014.11.06"]
[EventType "swiss"]
[EventRounds "7"]
[EventCountry "CAN"]

1. g3 c6 2. Bg2 Nf6 3. c4 e6 4. Qb3 Na6 5. d4 Nc7 6. Nc3 h6 7. e4 d5 8. cxd5
exd5 9. e5 Nd7 10. f4 Nb6 11. Qc2 g6 12. Be3 Bf5 13. Qe2 Bb4 14. Nf3 Nb5 15.
Bd2 Bxc3 16. Bxc3 Nxc3 17. bxc3 Nc4 18. O-O Qa5 19. Rfc1 O-O-O 20. Nd2 Na3 21.
Nb3 Qb5 22. Qb2 Nc4 23. Qe2 h5 24. h3 b6 25. g4 hxg4 26. hxg4 Bd7 27. Rf1 Rh4
28. f5 Rdh8 29. e6 Be8 30. exf7 Bxf7 31. fxg6 Bg8 32. Qe8+ Kc7 33. Qe7+ 1-0

[Event "Scarborough CC Falling Leaves U1800"]
[Site "Toronto CAN"]
[Date "2014.12.04"]
[Round "5"]
[White "De Costa, Alex"]
[Black "Pishdad, Hassan"]
[Result "0-1"]
[WhiteElo "1354"]
[BlackElo "1328"]
[PlyCount "61"]
[EventDate "2014.11.06"]
[EventType "swiss"]
[EventRounds "7"]
[EventCountry "CAN"]

1. e4 c5 2. Nc3 e6 3. Nge2 d5 4. exd5 exd5 5. d4 c4 6. g3 Bb4 7. Bg2 Bg4 8. O-O
Bxc3 9. bxc3 Ne7 10. h3 Be6 11. Nf4 O-O 12. Nxe6 fxe6 13. Ba3 Nbc6 14. Qd2 Qa5
15. Bc5 Qc7 16. Rfe1 Qd7 17. Re2 b6 18. Ba3 Rf6 19. Rae1 Nf5 20. h4 Qf7 21. Bh3
Re8 22. Bg2 Qd7 23. Qg5 Nd8 24. Bh3 Nf7 25. Qc1 Nd8 26. Qg5 Rg6 27. Qxf5 exf5
28. Rxe8+ Qxe8 29. Rxe8+ Kf7 30. Rxd8 f4 31. Rf8# 0-1

[Event "Scarborough CC Falling Leaves U1800"]
[Site "Toronto CAN"]
[Date "2014.12.11"]
[Round "6"]
[White "Pishdad, Hassan"]
[Black "Super, Russell"]
[Result "1-0"]
[WhiteElo "1328"]
[BlackElo "1316"]
[PlyCount "97"]
[EventDate "2014.11.06"]
[EventType "swiss"]
[EventRounds "7"]
[EventCountry "CAN"]

1. d4 Nf6 2. c4 g6 3. Nc3 d5 4. e3 Bg7 5. Nf3 O-O 6. Be2 Nc6 7. O-O Be6 8. Ng5
Qd7 9. Nxe6 fxe6 10. a3 a5 11. c5 e5 12. Bb5 Qe6 13. Re1 e4 14. Qb3 Kh8 15. h3
Rad8 16. Bf1 Rb8 17. Nb5 Ne8 18. Qc2 Rf5 19. Be2 h5 20. g4 Rf7 21. Qd1 Qf6 22.
Rf1 h4 23. f4 e6 24. g5 Qd8 25. Bg4 Qe7 26. Qe1 Bf8 27. Qxh4+ Rh7 28. Qg3 Ng7
29. Bd2 Qf7 30. Qe1 Nf5 31. Kf2 b6 32. cxb6 Rxb6 33. a4 Bb4 34. Rc1 Ra6 35. Rh1
Bxd2 36. Qxd2 Qe8 37. Be2 Rb6 38. Rc5 Nd6 39. Nxd6 cxd6 40. Rb5 Rhb7 41. Rxb6
Rxb6 42. Bb5 Qa8 43. h4 Nb4 44. h5 Kg7 45. Qc3 Nd3+ 46. Kg3 Qa7 47. Qc8 Qe7 48.
hxg6 Kxg6 49. Rh6+ 1-0

[Event "Scarborough CC Falling Leaves U1800"]
[Site "Toronto CAN"]
[Date "2014.12.18"]
[Round "7"]
[White "Mesiti, Silvano"]
[Black "Armstrong, Robert J"]
[Result "1-0"]
[WhiteElo "1522"]
[BlackElo "1618"]
[PlyCount "69"]
[EventDate "2014.11.06"]
[EventType "swiss"]
[EventRounds "7"]
[EventCountry "CAN"]

1. e4 g6 2. d4 Bg7 3. c3 d6 4. Nd2 Nf6 5. Ngf3 O-O 6. Be2 Nc6 7. O-O e5 8. d5
Ne7 9. Qc2 Nd7 10. Bc4 f5 11. exf5 gxf5 12. Bb3 Ng6 13. Nc4 Nc5 14. Be3 Nxb3
15. axb3 a6 16. Qc1 f4 17. Bd2 Bg4 18. Ne1 f3 19. Bh6 fxg2 20. Nxg2 Bh3 21.
Bxg7 Kxg7 22. Qe3 Bxg2 23. Kxg2 Rg8 24. Kh1 Qh4 25. Nd2 Kh8 26. Nf3 Qh5 27. Rg1
Nf4 28. c4 Raf8 29. Nd2 Rxg1+ 30. Rxg1 Nh3 31. Rf1 Ng5 32. f3 Rf4 33. Qe2 e4
34. Qe3 Nxf3 35. Qxf4 1-0

[Event "Scarborough CC Howard Ridout U1400"]
[Site "Toronto CAN"]
[Date "2014.09.11"]
[Round "1"]
[White "Guo, Roger"]
[Black "Pishdad, Hassan"]
[Result "0-1"]
[WhiteElo "867"]
[BlackElo "1189"]
[PlyCount "108"]
[EventDate "2014.09.11"]
[EventType "swiss"]
[EventRounds "8"]
[EventCountry "CAN"]

1. e4 c5 2. Nc3 e6 3. f4 d5 4. Bb5+ Nc6 5. Nf3 d4 6. Ne2 Bd7 7. Bxc6 Bxc6 8.
O-O Bxe4 9. d3 Bc6 10. Re1 Be7 11. Ng3 Nh6 12. Ne5 Bd5 13. c4 dxc3 14. bxc3 Bf6
15. Qa4+ Ke7 16. Ba3 b6 17. c4 Bb7 18. Rab1 Bxe5 19. fxe5 Re8 20. Bxc5+ bxc5
21. Rxb7+ Kf8 22. Qc2 Qd4+ 23. Kh1 Ng4 24. Rf1 Nxe5 25. Ne2 Qd6 26. d4 Qc6 27.
Rb2 Ng6 28. Nf4 Kg8 29. Nxg6 hxg6 30. Qf2 f5 31. Qg3 Kf7 32. Qe5 cxd4 33. Kg1
Qxc4 34. Rb7+ Re7 35. Rfb1 Rae8 36. R1b4 Qc1+ 37. Kf2 Qc2+ 38. Qe2 d3 39. Qxc2
dxc2 40. Rxe7+ Rxe7 41. Rc4 a5 42. Rxc2 Rb7 43. h3 a4 44. g4 Kf6 45. gxf5 gxf5
46. Kf3 g5 47. Kg3 Rb4 48. Rc3 Rb2 49. a3 Rb3 50. Rf3 Ke5 51. Kg2 Ke4 52. Rxb3
axb3 53. Kf2 b2 54. Ke2 b1=Q 0-1

[Event "Scarborough CC Howard Ridout U1400"]
[Site "Toronto CAN"]
[Date "2014.10.16"]
[Round "6"]
[White "Thanabalachandran, Luxiga"]
[Black "Pishdad, Hassan"]
[Result "0-1"]
[WhiteElo "1085"]
[BlackElo "1189"]
[PlyCount "130"]
[EventDate "2014.09.11"]
[EventType "swiss"]
[EventRounds "8"]
[EventCountry "CAN"]

1. e4 c5 2. Nf3 e6 3. d4 cxd4 4. Nxd4 d5 5. Nc3 Bb4 6. exd5 Qxd5 7. Qd3 Nf6 8.
Bd2 Qe5+ 9. Be2 O-O 10. O-O-O Na6 11. Kb1 Bc5 12. Be3 Bd7 13. Nf3 Qc7 14. Bxc5
Nxc5 15. Qc4 Rfc8 16. Nb5 Bxb5 17. Qxb5 a6 18. Qb4 Nfe4 19. Qe1 Rd8 20. Bd3
Nxd3 21. Rxd3 Rxd3 22. cxd3 Nf6 23. h3 Qd6 24. Qe3 Rd8 25. Rd1 Nd5 26. Qe5 f6
27. Qxd6 Rxd6 28. g3 Nb4 29. Ne1 e5 30. a3 Nc6 31. Rc1 Kf7 32. Rc4 b5 33. Rh4
h6 34. a4 Rd4 35. Rxd4 Nxd4 36. axb5 axb5 37. b4 Ke6 38. Nc2 Kd5 39. Nxd4 Kxd4
40. Kc2 g5 41. h4 g4 42. h5 f5 43. Kd2 e4 44. dxe4 Kxe4 45. Ke2 f4 46. gxf4
Kxf4 47. Kf1 Kg5 48. Kg2 Kxh5 49. Kg3 Kg5 50. f3 gxf3 51. Kxf3 h5 52. Kg3 Kf5
53. Kh4 Ke5 54. Kxh5 Kd5 55. Kg4 Kc4 56. Kf3 Kxb4 57. Ke2 Kc3 58. Kd1 b4 59.
Kc1 b3 60. Kb1 b2 61. Ka2 Kc2 62. Ka3 b1=Q 63. Ka4 Kc3 64. Ka5 Qb7 65. Ka4 Qb4#
0-1